00863nam a2200229 a 4500001001000000003000500010005001700015008004100032010001100073011001100084040000900095100004100104245015000145260004100295500006000336502007500396650003000471650003400501650001500535650001300550856007000563000108621CHAP20220823141735.0140227s2012 mx a sm |||||||spa d a105083 a106055 cCHAP1 aSantillán Gómez, Emma Anayantzin10aAnálisis de variables reproductivas en ovejas de lana durante la época reproductiva con suplementación de selenio y glutaminah[En línea] aChapingo, Méx. :bEl autor.c2012. aPara ver el contenido del material haga clic en la liga aTesis (Ing. Agr. Esp. en Zootecnia) -- UACH. Departamento de Zootecnia14aGanado lanarxFecundidad.14aGanado lanarxInseminación.14aGlutamato.14aSelenio. aFinding aiduhttp://10.13.5.2/tesis/sist108621.pdfzTeclea aquí